Špecifiká marketingových stratégií uplatňovaných vo vybraných krajinách strednej Európy

Expanzia multinacionálnych spoločností vo svetovom hospodárstve. Výber lokality, formy vstupu na zahraničný trh a výber statégie, ktorá bude uplatňovaná. Stratégia diferenciácie a štandardizácie. Kritické faktory a prvky marketingovej stratégie, ktoré vedú k vysokej štandardizácii marketingového pro...

Full description

Saved in:
Bibliographic Details
Main Author: Škorvagová, Simona
Other Authors: Zorkóciová, Otília, 1954-
Format: Book Chapter
Language:Slovak
Subjects:
Tags: Add Tag
No Tags, Be the first to tag this record!

MARC

LEADER 00000naa$a2200000$$$4500
001 0047753
005 20240502083127.2
041 0 |a slo 
044 |a CZ 
245 1 0 |a Špecifiká marketingových stratégií uplatňovaných vo vybraných krajinách strednej Európy 
520 |a Expanzia multinacionálnych spoločností vo svetovom hospodárstve. Výber lokality, formy vstupu na zahraničný trh a výber statégie, ktorá bude uplatňovaná. Stratégia diferenciácie a štandardizácie. Kritické faktory a prvky marketingovej stratégie, ktoré vedú k vysokej štandardizácii marketingového programu. 
610 2 0 |a spoločnosti nadnárodné 
610 2 0 |a marketing 
610 2 0 |a stratégia marketingová 
610 2 0 |a diferenciácia regionálna 
610 2 0 |a štandardizácia 
610 2 0 |a produkty 
610 2 0 |a trh zahraničný 
610 2 0 |a regióny 
610 2 0 |a globalizácia 
100 1 |a Škorvagová, Simona 
700 1 |a Zorkóciová, Otília, 1954-